| 000 | 01143cam a22003135a 4500 | ||
|---|---|---|---|
| 001 | 17698880 | ||
| 005 | 20201128021257.0 | ||
| 008 | 130415t2013 njua frbd 001 0 eng d | ||
| 020 | _a9781118692288 (cloth) | ||
| 020 | _z9781118720813 (ebk) | ||
| 020 | _z9781118720882 (ebk) | ||
| 040 |
_aDLC _beng _cDLC _dDLC _dEG-ScBUE |
||
| 082 | 0 | 4 |
_a658.11 _bAUL _222 |
| 100 | 1 |
_aAulet, Bill, _d1958- _938079 |
|
| 245 | 1 | 0 |
_aDisciplined entrepreneurship : _b24 steps to a successful startup / _cBill Aulet ; illustrated by Marius Ursache. |
| 246 | 3 |
_aDisciplined entrepreneurship : _btwenty-four steps to a successful startup |
|
| 260 |
_aHoboken : _bJohn Wiley & Sons, Inc., _cc.2013. |
||
| 300 |
_axvi, 272 p. : _bill. (col.) ; _c20 cm. |
||
| 500 | _aIndex : p. 267-272. | ||
| 500 | _aGlossary : p. 263-264. | ||
| 504 | _aIncludes bibliographical references. | ||
| 650 | 7 |
_aNew business enterprises _xManagement. _2BUEsh _933316 |
|
| 650 | 7 |
_aEntrepreneurship. _2BUEsh _9240 |
|
| 651 | _2BUEsh | ||
| 653 |
_bBUSADM _cMay2015 _cAugust2015 |
||
| 655 |
_vreading book _934232 |
||
| 700 | 1 |
_aUrsache, Marius, _eillustrator. |
|
| 942 |
_2ddc _k658.11 AUL |
||
| 999 |
_c19430 _d19402 |
||